[Event "HEM Kandidatenklasse"]
[Site "?"]
[Date "2024.05.22"]
[Round "5.1"]
[White "Becker, Thomas"]
[Black "Sell, Eero"]
[Result "0-1"]
[WhiteElo "1911"]
[BlackElo "1843"]
[PlyCount "70"]
[GameId "2048132628956032"]
[EventDate "2024.??.??"]
[WhiteTeam "Volksdorfer SK 1948"]
[BlackTeam "SchVgg Blankenese von 1923 e.V."]

{[%evp 0,38,20,27,77,66,70,91,93,54,48,53,84,17,26,18,23,30,37,45,32,23,23,20,13,-38,58,27,39,33,18,14,61,31,27,-8,0,-45,16,0,-35]} 1. e4 d6 2. d4 Nf6 3. Nc3 g6 4. f3 c6 5. Be3 b5 6. e5 b4 7. exf6 bxc3 8. bxc3 exf6 9. Bd3 Bg7 10. Qd2 O-O 11. Ne2 Re8 12. Bh6 Bh8 13. h4 Ba6 14. Kf2 Bxd3 15. cxd3 c5 16. g4 Nc6 17. d5 Ne5 18. Kg3 c4 19. dxc4 Nxc4 20. Qd3 Ne5 21. Qd2 Rb8 22. Nd4 Qa5 23. Nb3 Qb5 24. Rae1 a5 25. Re4 a4 26. Rb4 Qa6 27. Nd4 Rxb4 28. cxb4 Qc4 29. Re1 Qxd5 30. f4 f5 31. gxf5 Rc8 32. fxe5 Bxe5+ 33. Rxe5 dxe5 34. Nf3 Qxd2 35. Bxd2 gxf5 0-1

[Event "HEM Kandidatenklasse"]
[Site "?"]
[Date "2024.05.22"]
[Round "5.2"]
[White "Schiller, Thomas"]
[Black "Piepenhagen, Eric"]
[Result "1/2-1/2"]
[WhiteElo "1852"]
[BlackElo "1914"]
[PlyCount "112"]
[GameId "2048133480698783"]
[EventDate "2024.??.??"]
[WhiteTeam "SK Johanneum Eppendorf"]
[BlackTeam "Niendorfer TSV 1919 SAbt"]

{[%evp 0,19,33,33,30,29,30,10,22,0,33,-2,39,29,53,41,8,-6,8,-3,23,-6]} 1. e4 e6 2. Nf3 d5 3. e5 c5 4. c3 d4 5. Bd3 Bd7 6. Na3 Bc6 7. O-O Ne7 8. cxd4 cxd4 9. Nc2 Ng6 10. Re1 Nf4 11. Be4 d3 12. Ncd4 g5 13. Nxc6 Nxc6 14. Qa4 Rc8 15. b4 Ne2+ 16. Kf1 a6 17. b5 axb5 18. Qxb5 Qd7 19. Bxd3 Nxc1 20. Raxc1 g4 21. Ng5 h6 22. Ne4 Be7 23. Nf6+ Bxf6 24. exf6 O-O 25. Re4 e5 26. Bb1 Qxd2 27. Rxg4+ Kh8 28. Re1 Qd6 29. Rg7 Qxf6 30. Rh7+ Kg8 31. Re3 Ne7 32. Rg3+ Ng6 33. Rxh6 Rc1+ 34. Ke2 Rxb1 35. Qxb1 Qa6+ 36. Ke1 Kg7 37. Rgh3 Qa5+ 38. Kf1 Qd2 39. Rh7+ Kg8 40. Rh8+ Kg7 41. Rxf8 Kxf8 42. Re3 Qd5 43. Rb3 Nf4 44. f3 Qc4+ 45. Kg1 Qe2 46. Qf1 Qxa2 47. Rxb7 Qa8 48. Qb1 Kg7 49. Qe4 Qa5 50. g3 Qc5+ 51. Kf1 Qc1+ 52. Qe1 Qc4+ 53. Kg1 Qc5+ 54. Kf1 Qc4+ 55. Kg1 Qc5+ 56. Kf1 Qc4+ 1/2-1/2

[Event "HEM Kandidatenklasse"]
[Site "?"]
[Date "2024.05.22"]
[Round "5.3"]
[White "Tietz, Bennit"]
[Black "Becker-Bertau, Friedrich"]
[Result "1-0"]
[WhiteElo "1896"]
[BlackElo "1932"]
[PlyCount "79"]
[GameId "2048115898692212"]
[EventDate "2024.??.??"]
[WhiteTeam "Hamburger SK von 1830 eV"]
[BlackTeam "Langenhorner SF 1928"]

{[%evp 0,34,19,21,13,12,75,69,68,64,64,41,36,34,34,3,7,22,16,11,26,18,20,3,10,5,40,22,60,62,89,18,69,69,110,110,86]} 1. e4 e5 2. Nf3 d6 3. d4 exd4 4. Nxd4 Nf6 5. Bd3 Nc6 6. Nxc6 bxc6 7. c4 Be7 8. Nc3 O-O 9. O-O a5 10. h3 Nd7 11. f4 Nc5 12. Bc2 Bf6 13. Be3 Bxc3 14. bxc3 Nd7 15. Ba4 Bb7 16. Rb1 Ba6 17. Bxc6 Bxc4 18. Re1 Rb8 19. Qa4 Rxb1 20. Rxb1 Bd3 21. Rd1 Nc5 22. Bxc5 dxc5 23. Bd5 Be2 24. Bxf7+ Kxf7 25. Rxd8 Rxd8 26. Qxa5 Rd7 27. Qxc5 h5 28. e5 Bd3 29. g4 hxg4 30. hxg4 Be2 31. f5 Re7 32. e6+ Ke8 33. g5 g6 34. Qb5+ Kf8 35. Qb8+ Re8 36. Qxc7 Re7 37. Qd8+ Re8 38. Qf6+ Kg8 39. Qxg6+ Kf8 40. Qf7# 1-0

[Event "HEM Kandidatenklasse"]
[Site "?"]
[Date "2024.05.22"]
[Round "5.4"]
[White "Schacht, David"]
[Black "Emami, Madjid"]
[Result "1/2-1/2"]
[WhiteElo "1770"]
[BlackElo "1937"]
[PlyCount "39"]
[GameId "2048088694784237"]
[EventDate "2024.??.??"]
[WhiteTeam "SchVgg Blankenese von 1923 e.V."]
[BlackTeam "Hamburger SK von 1830 eV"]

{[%evp 0,39,6,40,51,53,51,33,64,51,53,39,58,49,49,35,10,10,20,-3,20,7,8,7,16,16,19,39,84,67,88,101,113,113,109,109,109,90,90,83,89,71]} 1. e4 c5 2. Nc3 Nc6 3. Bb5 d6 4. f4 Bd7 5. Nf3 a6 6. Bxc6 Bxc6 7. O-O Nf6 8. d3 e6 9. f5 e5 10. Bg5 Be7 11. Qe1 Qc7 12. a4 b6 13. Nd2 a5 14. Nc4 O-O-O 15. Ne3 Kb7 16. Bxf6 Bxf6 17. Ned5 Qd7 18. Qe2 h5 19. Rf3 Bg5 20. b3 1/2-1/2

[Event "HEM Kandidatenklasse"]
[Site "?"]
[Date "2024.05.22"]
[Round "5.5"]
[White "Schwarzman, Isja"]
[Black "Johanssen, Torsten"]
[Result "1-0"]
[WhiteElo "1875"]
[BlackElo "1906"]
[PlyCount "53"]
[GameId "2048108800909839"]
[EventDate "2024.??.??"]
[WhiteTeam "Hamburger SK von 1830 eV"]
[BlackTeam "SC Diogenes e.V."]

{[%evp 0,45,18,42,71,14,33,-42,5,-26,48,-48,-34,-15,-21,-51,-36,-36,-33,-14,-13,2,9,11,1,15,7,14,22,10,-3,-7,19,-11,25,31,57,33,66,42,52,12,0,0,0,20,22,-4]} 1. e4 Nf6 2. Nc3 e5 3. g3 d5 4. exd5 Nxd5 5. Bg2 Nxc3 6. bxc3 Nc6 7. d3 Bc5 8. Ne2 O-O 9. O-O Be6 10. c4 Qd7 11. Rb1 Rab8 12. Be3 Bxe3 13. fxe3 Bh3 14. Rf2 Bxg2 15. Kxg2 b6 16. Nc3 Rbe8 17. Qf3 Nd8 18. Rbf1 Qc6 19. e4 Qd7 20. Nd5 c6 21. Ne3 Ne6 22. Qg4 Qe7 23. h4 Kh8 24. Nf5 Qc7 25. h5 f6 26. Nh4 Ng5 27. Qxg5 1-0

[Event "HEM Kandidatenklasse"]
[Site "?"]
[Date "2024.05.22"]
[Round "5.6"]
[White "Quitzau, Lukas"]
[Black "Laucht, Philipp"]
[Result "1/2-1/2"]
[WhiteElo "1827"]
[BlackElo "1801"]
[Annotator "hugo5"]
[PlyCount "67"]
[GameId "2048118640456333"]
[EventDate "2024.??.??"]
[WhiteTeam "Barmbeker SK 1926 eV"]
[BlackTeam "SK Johanneum Eppendorf"]

{[%evp 0,33,18,4,38,-16,54,43,57,-4,19,-1,5,4,15,-34,9,5,14,7,0,2,24,11,8,-13,-8,1,-6,-26,29,11,43,28,86,30]} 1. d4 Nf6 2. c4 g6 3. Nc3 d5 4. g3 Bg7 5. Bg2 c6 6. Nf3 O-O 7. h4 h5 8. cxd5 cxd5 9. Bf4 Nc6 10. O-O Be6 11. Ng5 Bf5 12. e3 Rc8 13. Qb3 Na5 14. Qb5 Bd7 15. Qe2 e6 16. Rfc1 a6 17. Bd6 Re8 18. b3 Rxc3 19. Rxc3 Bb5 20. Qf3 Qxd6 21. Rac1 Bc6 22. Bh3 Rc8 23. g4 hxg4 24. Bxg4 Qe7 25. Qg3 Nxg4 26. Qxg4 Bf6 27. Nf3 Kg7 28. h5 Rh8 29. hxg6 Rh6 30. Kf1 Rxg6 31. Qf4 Bg5 32. Qh2 Rh6 33. Qe5+ Bf6 34. Qf4 {(=)} 1/2-1/2

[Event "HEM Kandidatenklasse"]
[Site "?"]
[Date "2024.05.22"]
[Round "5.7"]
[White "Atri, Jamshid"]
[Black "Gehn, Roland"]
[Result "1-0"]
[WhiteElo "1991"]
[BlackElo "1934"]
[PlyCount "95"]
[GameId "2048106757366265"]
[EventDate "2024.??.??"]
[WhiteTeam "Hamburger SK von 1830 eV"]
[BlackTeam "SK Union Eimsbuettel eV"]

{[%evp 0,67,18,4,38,-16,54,43,57,-4,19,-1,5,4,15,-34,9,5,14,7,0,2,24,11,8,-13,-8,1,-6,-26,29,11,43,28,86,30,6,-125,-119,-112,-136,-181,-207,-207,-124,-169,-165,-189,-189,-179,-180,-171,-142,-163,-90,-117,-106,-144,-158,-158,-158,-160,-206,-256,-115,-168,-64,-153,-143,-253]} 1. e4 c6 2. d4 d5 3. exd5 cxd5 4. Bd3 Nc6 5. c3 Nf6 6. Bf4 Bg4 7. Qb3 Qd7 8. Nd2 a6 9. a4 e6 10. Ngf3 Nh5 11. Be3 Be7 12. Ne5 Nxe5 13. dxe5 Bf5 14. Be2 Qc7 15. Bxh5 Qxe5 16. Be2 O-O 17. O-O Bg6 18. Rfe1 Qc7 19. Nf3 Bc5 20. Bxc5 Qxc5 21. Ne5 Rfd8 22. Nxg6 hxg6 23. Red1 Qe7 24. Rd2 Rac8 25. Rad1 Kh7 26. g3 Qc7 27. Qb4 g5 28. c4 dxc4 29. Rxd8 Rxd8 30. Rxd8 Qxd8 31. Qxc4 Kg8 32. Bf3 Qb8 33. Qe4 b5 34. Qa8 Qxa8 35. Bxa8 bxa4 36. Kf1 Kf8 37. Ke2 Ke7 38. Bc6 Kd6 39. Bxa4 Kc5 40. Kd3 Kb4 41. Be8 f6 42. Bf7 Kb3 43. Bxe6+ Kxb2 44. Ke2 Kc3 45. Kf3 Kd4 46. h4 gxh4 47. gxh4 g5 48. h5 1-0

[Event "HEM Kandidatenklasse"]
[Site "?"]
[Date "2024.05.22"]
[Round "5.9"]
[White "Priess, Holger"]
[Black "Ruider, Thomas"]
[Result "0-1"]
[WhiteElo "1789"]
[BlackElo "1846"]
[PlyCount "56"]
[GameId "2048114972439122"]
[EventDate "2024.??.??"]
[WhiteTeam "SF Hamburg e.V. 1934"]
[BlackTeam "SF Sasel 1947"]

{[%evp 0,48,39,28,28,13,33,28,42,30,66,66,66,27,40,15,23,15,31,-13,-23,-23,-36,-41,-26,-26,-26,-30,-25,-29,-33,-37,-60,-65,-66,-94,-96,-242,-282,-295,-241,-273,-295,-290,-226,-232,-242,-242,-249,-299,-308]} 1. d4 d5 2. Bf4 Nf6 3. Nf3 c5 4. e3 Nc6 5. Nc3 a6 6. Be2 Bf5 7. O-O e6 8. a3 Nh5 9. Bg3 Nxg3 10. fxg3 Be7 11. Bd3 Bxd3 12. Qxd3 O-O 13. Rae1 b5 14. dxc5 Bxc5 15. b4 Bb6 16. Ne2 e5 17. Qc3 Rc8 18. Nxe5 Nd4 19. Qd3 Nxc2 20. Nd4 Nxe1 21. Rxe1 Bxd4 22. exd4 f6 23. Ng4 Re8 24. Rf1 Qe7 25. Qf3 Qe6 26. Nf2 Rc4 27. Qf4 Rc3 28. Ra1 Qe1+ 0-1

[Event "HEM Kandidatenklasse"]
[Site "?"]
[Date "2024.05.22"]
[Round "5.10"]
[White "Meyer, Winfried"]
[Black "Srinath, Manish"]
[Result "0-1"]
[WhiteElo "1777"]
[BlackElo "1729"]
[PlyCount "100"]
[GameId "2048131338093428"]
[EventDate "2024.??.??"]
[WhiteTeam "Langenhorner SF 1928"]
[BlackTeam "Hamburger SK von 1830 eV"]

{[%evp 0,63,16,28,69,68,71,67,88,43,57,60,114,0,24,-12,-13,-32,-33,-46,-31,-26,-26,-119,-116,-112,-109,-100,-82,-206,-256,-318,-276,-257,-236,-202,-208,-209,-193,-347,-363,-359,-265,-267,-275,-253,-226,-225,-121,-126,-106,-106,-92,-105,-82,-133,-83,-218,-142,-288,-274,-295,-287,-291,-288,-273]} 1. e4 c6 2. d4 d5 3. e5 c5 4. dxc5 Nc6 5. Nf3 Bg4 6. Be2 e6 7. Bf4 Bxc5 8. Nbd2 Nge7 9. O-O Ng6 10. Bg3 O-O 11. Bd3 Ngxe5 12. Be2 Ng6 13. c3 Bxf3 14. gxf3 h5 15. h3 h4 16. Bh2 Qg5+ 17. Kh1 Qf5 18. Nb3 Bb6 19. Nd4 Nxd4 20. cxd4 Nf4 21. Bxf4 Qxf4 22. Rg1 Bc7 23. Rg2 Qf5 24. Rg4 Qh5 25. Qd2 Bd8 26. Rag1 Bf6 27. f4 Qh7 28. Rc1 Rac8 29. Rgg1 Qe4+ 30. Kh2 Qxd4 31. Qxd4 Bxd4 32. Kg2 e5 33. Rcd1 Rc2 34. Kf3 Rd8 35. Rg4 Rxb2 36. fxe5 Bxe5 37. Rxh4 Rxa2 38. Rb4 b6 39. Bc4 Ra3+ 40. Kg4 d4 41. f4 Bf6 42. Bd3 Re8 43. Rc4 g6 44. h4 Re3 45. Bxg6 fxg6 46. Rg1 d3 47. h5 Rc3 48. Rxc3 Bxc3 49. Kg5 gxh5 50. f5 Kf7 0-1